[Event "GBR-ch Major 105th"]
[Site "Hull"]
[Date "2018.08.05"]
[Round "9"]
[White "Collins, Jonathan L"]
[Black "Anilkumar, Anantha P"]
[Result "1/2-1/2"]
[WhiteElo "1804"]
[BlackElo "1903"]
[PlyCount "69"]
[EventDate "2018.07.28"]
[EventType "swiss"]
[EventRounds "9"]
[EventCountry "ENG"]
[SourceTitle "EXT 2019"]
[Source "ChessBase"]
[SourceDate "2018.10.10"]
[SourceVersion "1"]
[SourceVersionDate "2018.10.10"]
[SourceQuality "1"]

1. e4 c5 2. Ne2 d6 3. g3 g6 4. Bg2 Bg7 5. c3 e6 6. d4 cxd4 7. cxd4 Ne7 8. Nbc3 0-0 9. Be3 b6 10. 0-0 Bb7 11. Qd2 d5 12. e5 Nf5 13. Nb5 Ba6 14. Nec3 Qd7 15. a4 Nc6 16. Rfc1 Na5 17. Qd1 Nxe3 18. fxe3 Bh6 19. e4 Bxb5 20. axb5 dxe4 21. Nxe4 Be3+ 22. Kh1 Qxd4 23. Nf6+ Kg7 24. Qxd4 Bxd4 25. Bxa8 Rxa8 26. Re1 Bxb2 27. Ra2 Bxe5 28. Nh5+ gxh5 29. Rxe5 Rd8 30. Rxh5 Kg6 31. g4 Rd4 32. h3 f6 33. Kg2 Rd7 34. Re2 Rd6 35. Ra2 1/2-1/2

[Event "GBR-ch Major 105th"]
[Site "Hull"]
[Date "2018.08.02"]
[Round "6"]
[White "Collins, Jonathan L"]
[Black "Modi, Shyam Jagdish"]
[Result "0-1"]
[WhiteElo "1804"]
[BlackElo "1973"]
[PlyCount "88"]
[EventDate "2018.07.28"]
[EventType "swiss"]
[EventRounds "9"]
[EventCountry "ENG"]
[SourceTitle "CBM 185 Extra"]
[Source "ChessBase"]
[SourceDate "2018.07.29"]
[SourceVersion "1"]
[SourceVersionDate "2018.07.29"]
[SourceQuality "1"]

1. e4 c5 2. d4 cxd4 3. f4 Nc6 4. Nf3 d5 5. e5 Bg4 6. Nbd2 e6 7. Bd3 Nh6 8. h3 Bf5 9. Bb5 Qb6 10. Bxc6+ bxc6 11. Nb3 c5 12. 0-0 Be4 13. g4 d3 14. cxd3 c4+ 15. Nbd4 Bxf3 16. Qa4+ Kd8 17. Rxf3 Bc5 18. dxc4 Bxd4+ 19. Kh1 dxc4 20. Bd2 a5 21. Rd1 Ke7 22. Be3 Rhd8 23. Qa3+ Ke8 24. Qa4+ Kf8 25. Qa3+ Kg8 26. f5 Bxe3 27. Rxd8+ Rxd8 28. Qxe3 Qxb2 29. Rf2 Qb7+ 30. Kh2 Qd5 31. f6 Qd4 32. Qxd4 Rxd4 33. Rb2 Rd8 34. Rb5 Rc8 35. Kg3 c3 36. Rb1 gxf6 37. exf6 Kf8 38. Kf4 c2 39. Rc1 Ke8 40. Kg5 Ng8 41. Kf4 Nxf6 42. Kg5 Nd5 43. a3 Nc3 44. Kh6 Ne2 0-1

[Event "GBR-ch 105th Morning op"]
[Site "Hull"]
[Date "2018.07.31"]
[Round "2"]
[White "Collins, Jonathan L"]
[Black "Evans, Nicholas Thomas"]
[Result "1-0"]
[WhiteElo "1804"]
[BlackElo "1885"]
[PlyCount "159"]
[EventDate "2018.07.30"]
[EventType "swiss"]
[EventRounds "5"]
[EventCountry "ENG"]
[SourceTitle "EXT 2019"]
[Source "ChessBase"]
[SourceDate "2018.10.10"]
[SourceVersion "1"]
[SourceVersionDate "2018.10.10"]
[SourceQuality "1"]

1. d4 d5 2. Nf3 e6 3. e3 c5 4. c3 Nf6 5. Bd3 Nc6 6. Nbd2 Bd6 7. Qe2 0-0 8. dxc5 Bxc5 9. e4 e5 10. b4 Bd6 11. b5 Ne7 12. exd5 Nexd5 13. Ne4 Nxe4 14. Bxe4 Nxc3 15. Bxh7+ Kxh7 16. Qd3+ e4 17. Ng5+ Kg8 18. Qxc3 Qe7 19. Rb1 Bf5 20. Be3 Rac8 21. Qb3 Qe5 22. Qb2 Rc3 23. Bd2 Rd3 24. Be3 Rc8 25. Qxe5 Bxe5 26. 0-0 b6 27. g4 Bxg4 28. Nxe4 Bf5 29. Ng3 Bg6 30. Rfe1 Ra3 31. Rbc1 Re8 32. Bd4 f6 33. Bxe5 Rxe5 34. Rxe5 fxe5 35. Re1 e4 36. Re2 Be8 37. Rb2 Ra5 38. Nxe4 Rxb5 39. Rxb5 Bxb5 40. f4 a5 41. Nd6 Bd3 42. Kf2 Bb1 43. a3 Bd3 44. Ke3 Ba6 45. Kd4 b5 46. Kc5 b4 47. axb4 axb4 48. Kxb4 Kh7 49. Kc5 Kg6 50. Kd4 Kf6 51. Ke3 g5 52. Ne4+ Kf5 53. fxg5 Ke5 54. Ng3 Bb7 55. h4 Bd5 56. h5 Bf7 57. h6 Bg6 58. Kf3 Bh7 59. Kg4 Bg6 60. Ne2 Bc2 61. Ng3 Bg6 62. Kh4 Ke6 63. Nh5 Kf7 64. Kg4 Bc2 65. Nf4 Be4 66. Ne2 Bg6 67. Kf4 Ke6 68. Nc3 Kd6 69. Ne4+ Ke6 70. Nf6 Kf7 71. Ke5 Bc2 72. Ne4 Kg6 73. Kf4 Bb1 74. Ke5 Bc2 75. Kf4 Bb1 76. Nf6 Bc2 77. Kg4 Bd1+ 78. Kh4 Bc2 79. Ne8 Be4 80. h7 1-0

[Event "GBR-ch Major 105th"]
[Site "Hull"]
[Date "2018.07.28"]
[Round "1"]
[White "Warren, Alexander"]
[Black "Collins, Jonathan L"]
[Result "0-1"]
[WhiteElo "2011"]
[BlackElo "1804"]
[PlyCount "56"]
[EventDate "2018.07.28"]
[EventType "swiss"]
[EventRounds "9"]
[EventCountry "ENG"]
[SourceTitle "CBM 185 Extra"]
[Source "ChessBase"]
[SourceDate "2018.07.29"]
[SourceVersion "1"]
[SourceVersionDate "2018.07.29"]
[SourceQuality "1"]

1. d4 Nf6 2. Bf4 c5 3. d5 d6 4. Nc3 Qa5 5. Bd2 Qc7 6. e4 a6 7. a4 e6 8. Bc4 Be7 9. f4 exd5 10. exd5 Nbd7 11. Nf3 Nb6 12. Ba2 Bf5 13. 0-0 0-0 14. a5 Nbd7 15. Bc4 Rfe8 16. Na4 Ne4 17. Be1 h6 18. Ra3 Bf6 19. Rb3 Re7 20. Kh1 Rae8 21. Nd2 g6 22. Nxe4 Bxe4 23. Nc3 Bxc2 24. Qxc2 Rxe1 25. Qf2 Rxf1+ 26. Qxf1 Qxa5 27. Rxb7 Nb6 28. Be2 Bxc3 0-1

[Event "Wakefield 4NCL op-B 14th"]
[Site "Wokefield"]
[Date "2017.07.15"]
[Round "3"]
[White "Collins, Jonathan L"]
[Black "Nwachukwu, Chino"]
[Result "1/2-1/2"]
[WhiteElo "1791"]
[BlackElo "1904"]
[PlyCount "122"]
[EventDate "2017.07.14"]
[EventType "swiss"]
[EventRounds "5"]
[EventCountry "ENG"]
[SourceTitle "EXT 2018"]
[Source "ChessBase"]
[SourceDate "2017.10.13"]
[SourceVersion "1"]
[SourceVersionDate "2017.10.13"]
[SourceQuality "1"]

1. d4 Nf6 2. Nf3 e6 3. c3 d5 4. e3 Be7 5. Nbd2 0-0 6. Bd3 c5 7. Qe2 Nc6 8. h3 a6 9. b3 Qc7 10. Bb2 b5 11. dxc5 Bxc5 12. e4 Bb7 13. Rc1 Rad8 14. 0-0 Ba7 15. Ba3 Rfe8 16. e5 Nh5 17. Ng5 g6 18. Bd6 Rxd6 19. exd6 Qxd6 20. Rfe1 e5 21. c4 Nd4 22. Qd1 Nf4 23. Bf1 h6 24. Ngf3 dxc4 25. bxc4 e4 26. Nxd4 Qxd4 27. Nxe4 Rxe4 28. Qxd4 Bxd4 29. Rxe4 Bxe4 30. cxb5 axb5 31. Bxb5 Bb6 32. Rc4 f5 33. Rc8+ Kg7 34. Bf1 g5 35. a4 h5 36. g3 Ne6 37. Bg2 Kf6 38. Bxe4 fxe4 39. Rc6 Bd4 40. Kf1 Ke5 41. a5 h4 42. a6 Kd5 43. Rc8 e3 44. fxe3 Bxe3 45. gxh4 gxh4 46. Rh8 Nc7 47. Ke2 Bb6 48. Rh5+ Kc6 49. Rxh4 Nxa6 50. Rh6+ Kc7 51. Kf3 Nc5 52. Kg4 Nd7 53. Rxb6 Nxb6 54. Kf5 Kd8 55. Kg6 Ke8 56. Kg7 Nc8 57. h4 Nd6 58. h5 Nf5+ 59. Kf6 Ne7 60. Kg7 Nf5+ 61. Kf6 Ne7 1/2-1/2

[Event "Wakefield 4NCL op-B 14th"]
[Site "Wokefield"]
[Date "2017.07.14"]
[Round "1"]
[White "Collins, Jonathan L"]
[Black "Gawne, Martin P"]
[Result "1-0"]
[WhiteElo "1791"]
[BlackElo "1964"]
[PlyCount "106"]
[EventDate "2017.07.14"]
[EventType "swiss"]
[EventRounds "5"]
[EventCountry "ENG"]
[SourceTitle "EXT 2018"]
[Source "ChessBase"]
[SourceDate "2017.10.13"]
[SourceVersion "1"]
[SourceVersionDate "2017.10.13"]
[SourceQuality "1"]

1. d4 e6 2. Nf3 d5 3. e3 Nf6 4. Bd3 Bd6 5. Nbd2 0-0 6. Ne5 c5 7. c3 Qc7 8. f4 Nc6 9. 0-0 Bd7 10. Qf3 Rfb8 11. Qh3 Bf8 12. g4 g6 13. g5 Ne8 14. Nxf7 e5 15. Nh6+ Kg7 16. Qh4 e4 17. Be2 Ne7 18. f5 Nxf5 19. Nxf5+ Bxf5 20. c4 cxd4 21. exd4 Qd7 22. b3 Nc7 23. Bb2 Re8 24. cxd5 Nxd5 25. Nc4 Qe6 26. Ne5 Rac8 27. Bc4 Red8 28. Rae1 Kh8 29. Qg3 Bg7 30. Rf4 b5 31. Bxb5 Nxf4 32. Qxf4 Rc2 33. Bc4 Qe8 34. Nf7+ Kg8 35. Nh6+ Kh8 36. Nf7+ Kg8 37. Nd6+ Rxc4 38. Nxe8 Rc2 39. Nf6+ Bxf6 40. gxf6 Rxb2 41. Qc7 Rd7 42. Qc4+ Kf8 43. Re2 Rb1+ 44. Kg2 Rd1 45. Qb4+ Kf7 46. Rd2 Rc1 47. Qa3 Rc6 48. b4 Kxf6 49. d5 Rcd6 50. Qc3+ Kg5 51. Qe5 Kh6 52. Kf2 Rb6 53. a3 Rb8 1-0

[Event "GBR-ch Major 103rd"]
[Site "Bournemouth"]
[Date "2016.07.28"]
[Round "4"]
[White "Akeya Price, Robert A"]
[Black "Collins, Jonathan L"]
[Result "0-1"]
[WhiteElo "1669"]
[BlackElo "1878"]
[PlyCount "144"]
[EventDate "2016.07.25"]
[EventType "swiss"]
[EventRounds "11"]
[EventCountry "ENG"]
[SourceTitle "CBM 173 Extra"]
[Source "ChessBase"]
[SourceDate "2016.08.29"]
[SourceVersion "1"]
[SourceVersionDate "2016.08.29"]
[SourceQuality "1"]

1. d4 Nf6 2. c4 Nc6 3. d5 Ne5 4. Nd2 e6 5. e4 exd5 6. exd5 Qe7 7. Be2 Nd3+ 8. Kf1 Nxc1 9. Rxc1 Qb4 10. Qc2 Be7 11. a3 Qd6 12. Bf3 0-0 13. Ne2 c5 14. Ng3 g6 15. h4 Kg7 16. h5 Qf4 17. Ne2 Qg5 18. Qc3 d6 19. Ne4 Qe5 20. Qxe5 dxe5 21. Nxf6 Bxf6 22. Nc3 Bf5 23. Be2 Rfe8 24. g4 Bg5 25. Ra1 Bc2 26. f3 f5 27. hxg6 hxg6 28. Kg2 fxg4 29. fxg4 Bd2 30. Raf1 Bxc3 31. bxc3 Be4+ 32. Bf3 Bd3 33. Re1 Bxc4 34. Be4 Rad8 35. Rd1 Rd6 36. Rd2 Red8 37. Rhd1 b6 38. Kg3 a6 39. Bf3 b5 40. Kf2 Rf8 41. Kg3 Re8 42. Re1 Kf6 43. Be4 Kg7 44. Bf3 a5 45. Bg2 a4 46. Bf1 Bxf1 47. Rxf1 Red8 48. Rfd1 Rf8 49. Re1 Re8 50. Rb1 Rb8 51. Re1 b4 52. cxb4 cxb4 53. axb4 Rxb4 54. Rxe5 Kf6 55. Re3 Rb5 56. Rd4 Ra5 57. Ra3 Rdxd5 58. Rxd5 Rxd5 59. Rxa4 Rd3+ 60. Kf2 Kg5 61. Rb4 Kh4 62. Rb6 g5 63. Rb4 Kh3 64. Ra4 Rd8 65. Rb4 Rf8+ 66. Ke2 Kg3 67. Ra4 Re8+ 68. Kd2 Rf8 69. Ke2 Rf7 70. Rb4 Rf2+ 71. Ke3 Rf4 72. Rxf4 gxf4+ 0-1

[Event "GBR-ch Major 103rd"]
[Site "Bournemouth"]
[Date "2016.07.27"]
[Round "3"]
[White "Collins, Jonathan L"]
[Black "Bullock, Lee"]
[Result "1-0"]
[WhiteElo "1878"]
[BlackElo "1572"]
[PlyCount "39"]
[EventDate "2016.07.25"]
[EventType "swiss"]
[EventRounds "11"]
[EventCountry "ENG"]
[SourceTitle "CBM 173 Extra"]
[Source "ChessBase"]
[SourceDate "2016.08.29"]
[SourceVersion "1"]
[SourceVersionDate "2016.08.29"]
[SourceQuality "1"]

1. d4 d6 2. e4 Nf6 3. Nc3 Nbd7 4. f4 e5 5. dxe5 dxe5 6. Nf3 Bb4 7. Bd3 c6 8. a3 Bc5 9. b4 Bb6 10. Na4 Bc7 11. f5 b5 12. Nc3 Bb6 13. h3 Qc7 14. a4 bxa4 15. Nxa4 a5 16. Nxb6 Qxb6 17. c3 Ba6 18. Rxa5 Bb7 19. Rxa8+ Bxa8 20. Qe2 1-0

[Event "GBR-ch Major 103rd"]
[Site "Bournemouth"]
[Date "2016.07.26"]
[Round "2"]
[White "Collins, Jonathan L"]
[Black "Holton, Jake"]
[Result "0-1"]
[WhiteElo "1878"]
[BlackElo "1839"]
[PlyCount "138"]
[EventDate "2016.07.25"]
[EventType "swiss"]
[EventRounds "11"]
[EventCountry "ENG"]
[SourceTitle "CBM 173 Extra"]
[Source "ChessBase"]
[SourceDate "2016.08.29"]
[SourceVersion "1"]
[SourceVersionDate "2016.08.29"]
[SourceQuality "1"]

1. d4 d5 2. Nf3 Nf6 3. e3 c5 4. Nbd2 Nc6 5. c3 Bf5 6. Bb5 e6 7. Qa4 Qb6 8. dxc5 Bxc5 9. Nb3 0-0 10. Nxc5 Qxc5 11. Bxc6 bxc6 12. Nd4 Rac8 13. Nxf5 exf5 14. 0-0 Rfe8 15. Qf4 g6 16. Qd4 Qe7 17. b3 c5 18. Qh4 c4 19. b4 Qd6 20. Qg3 Qxg3 21. hxg3 Ng4 22. Rd1 Rcd8 23. a4 Re6 24. Ba3 Ne5 25. b5 Nd3 26. Rdb1 Rb8 27. a5 g5 28. Kf1 f6 29. Ra2 Rb7 30. Raa1 Kf7 31. Ke2 f4 32. gxf4 gxf4 33. Rh1 Kg6 34. Rab1 Rb8 35. Rh4 fxe3 36. f3 Ra6 37. Rg4+ Kf5 38. Rd4 Ke6 39. Bb4 Rxb5 40. Rd1 Rc6 41. Kxe3 Rc8 42. f4 Rd8 43. Rb1 Rg8 44. Kf3 f5 45. Rh1 Nxb4 46. cxb4 Rxb4 47. Re1+ Kf6 48. Rxd5 Rb3+ 49. Kf2 Rb2+ 50. Re2 Rxg2+ 51. Kxg2 Rxe2+ 52. Kf3 Ra2 53. Rc5 c3 54. Rc6+ Ke7 55. Rxc3 Kd6 56. Rb3 Rxa5 57. Rb7 Ra3+ 58. Ke2 h5 59. Rh7 Kd5 60. Re7 h4 61. Re5+ Kd4 62. Rxf5 h3 63. Rh5 h2 64. Kf2 Ra1 65. Kg2 h1Q+ 66. Rxh1 Rxh1 67. Kxh1 a5 68. Kg2 Ke4 69. f5 Kxf5 0-1

[Event "BCF-ch 103rd U180/2050"]
[Site "Bournemouth"]
[Date "2016.07.26"]
[Round "2"]
[White "Pride, Stephen C"]
[Black "Collins, Jonathan L"]
[Result "1-0"]
[WhiteElo "1646"]
[BlackElo "1878"]
[PlyCount "115"]
[EventDate "2016.07.25"]
[EventType "swiss"]
[EventRounds "5"]
[EventCountry "ENG"]
[SourceTitle "EXT 2019"]
[Source "ChessBase"]
[SourceDate "2018.10.10"]
[SourceVersion "1"]
[SourceVersionDate "2018.10.10"]
[SourceQuality "1"]

1. d4 Nf6 2. Bg5 g6 3. Bxf6 exf6 4. c4 c5 5. e3 Bg7 6. g3 f5 7. Ne2 Qb6 8. Nbc3 Nc6 9. Nd5 Qa5+ 10. Qd2 Qxd2+ 11. Kxd2 0-0 12. Kc3 Rb8 13. a4 d6 14. Bg2 Be6 15. Rhd1 Bxd5 16. Bxd5 Rfc8 17. Rac1 Nb4 18. Kb3 Nxd5 19. cxd5 b5 20. a5 c4+ 21. Kb4 a6 22. h4 Rb7 23. Rh1 h6 24. Rc2 Bf6 25. Rcc1 Kg7 26. Rc2 Bd8 27. Rcc1 Kf8 28. Rc2 Ke8 29. Rhc1 Rcb8 30. Ra1 Bf6 31. Rh1 Kd7 32. Rcc1 Rc8 33. Rc2 Rbb8 34. Rcc1 Re8 35. Rc2 Rh8 36. Rcc1 g5 37. hxg5 hxg5 38. Nc3 Rxh1 39. Rxh1 Rh8 40. Rxh8 Bxh8 41. Nxb5 f4 42. Nc3 fxg3 43. fxg3 f5 44. Ne2 Bf6 45. Kxc4 Kc7 46. b4 Kb7 47. Kd3 Bd8 48. e4 fxe4+ 49. Kxe4 Kc8 50. Kf5 Kd7 51. g4 Ke7 52. Ng3 Kf7 53. Ne4 Be7 54. Nxg5+ Kg7 55. Ne6+ Kf7 56. Nc7 Bf6 57. Nxa6 Bxd4 58. b5 1-0

[Event "BCF-chT4 1516 (4NCL)"]
[Site "England"]
[Date "2016.03.19"]
[Round "8.99"]
[White "Collins, Jonathan L"]
[Black "Davis, Lee"]
[Result "1/2-1/2"]
[WhiteElo "1897"]
[BlackElo "1967"]
[PlyCount "111"]
[EventDate "2015.11.14"]
[EventType "team-swiss"]
[EventRounds "11"]
[EventCountry "ENG"]
[SourceTitle "EXT 2017"]
[Source "ChessBase"]
[SourceDate "2016.10.25"]
[SourceVersion "1"]
[SourceVersionDate "2016.10.25"]
[SourceQuality "1"]
[WhiteTeam "Iceni II"]
[BlackTeam "The Full Ponty"]
[WhiteTeamCountry "ENG"]
[BlackTeamCountry "ENG"]

1. d4 e6 2. Nf3 Nf6 3. Nbd2 c5 4. e3 Nc6 5. Bd3 d5 6. c3 Bd6 7. Qe2 cxd4 8. exd4 0-0 9. Ne5 Bxe5 10. dxe5 Nd7 11. Nf3 Qc7 12. Bf4 f6 13. exf6 Qxf4 14. Qxe6+ Kh8 15. fxg7+ Kxg7 16. Qxd5 Nf6 17. Qc4 Re8+ 18. Kf1 Qxc4 19. Bxc4 Bg4 20. Re1 Rxe1+ 21. Nxe1 Ne4 22. Bb5 Nd2+ 23. Kg1 Re8 24. Nc2 Be2 25. Bxc6 bxc6 26. h4 Nc4 27. b3 Bd3 28. Nb4 Ne5 29. Nxd3 Nxd3 30. Rh3 Re1+ 31. Kh2 Nxf2 32. Rg3+ Kh6 33. Rf3 Rh1+ 34. Kg3 Ne4+ 35. Kf4 Rxh4+ 36. Kf5 Nc5 37. g4 Kg7 38. b4 Nd7 39. Ke6 Nf8+ 40. Kd6 Rh6+ 41. Kc7 Ne6+ 42. Kb7 a5 43. Re3 axb4 44. cxb4 Nd4 45. Re4 Nb5 46. Re3 Rg6 47. a4 Nd4 48. Re4 Rd6 49. Kc7 Rd5 50. a5 c5 51. b5 Nxb5+ 52. Kc6 Rd4 53. Re7+ Kf6 54. Rxh7 Kg6 55. Re7 Kf6 56. Rh7 1/2-1/2

[Event "BCF-chT4 1516 (4NCL)"]
[Site "England"]
[Date "2015.11.15"]
[Round "2.99"]
[White "Krikler, George"]
[Black "Collins, Jonathan L"]
[Result "0-1"]
[WhiteElo "1352"]
[BlackElo "1897"]
[PlyCount "93"]
[EventDate "2015.11.14"]
[EventType "team-swiss"]
[EventRounds "11"]
[EventCountry "ENG"]
[SourceTitle "EXT 2017"]
[Source "ChessBase"]
[SourceDate "2016.10.25"]
[SourceVersion "1"]
[SourceVersionDate "2016.10.25"]
[SourceQuality "1"]
[WhiteTeam "Barnet Knights III"]
[BlackTeam "Iceni"]
[WhiteTeamCountry "ENG"]
[BlackTeamCountry "ENG"]

1. e4 Nc6 2. d4 e5 3. dxe5 Nxe5 4. Nc3 c6 5. Bf4 Qf6 6. Bxe5 Qxe5 7. Nf3 Qa5 8. a3 Nf6 9. Bd3 d6 10. 0-0 Bg4 11. Be2 Be7 12. Qd3 Nd7 13. h3 Bh5 14. Rfe1 Qb6 15. Qd4 Bg6 16. Qxb6 axb6 17. Bd3 Nc5 18. Rac1 Nxd3 19. cxd3 0-0-0 20. d4 Kb8 21. d5 Bf6 22. dxc6 bxc6 23. b4 Rhe8 24. a4 Bxc3 25. Rxc3 Rxe4 26. Rxe4 Bxe4 27. Ng5 Bd5 28. Re3 h6 29. Nf3 c5 30. bxc5 bxc5 31. Rd3 Bxf3 32. Rxf3 Rd7 33. Kf1 Re7 34. Re3 Rxe3 35. fxe3 Kb7 36. Ke2 d5 37. Kd2 f5 38. g3 h5 39. Kd3 Ka6 40. Kc3 Ka5 41. Kb3 g5 42. h4 g4 43. Kc2 Kxa4 44. Kb2 Kb4 45. Kc2 Kc4 46. Kd2 Kb3 47. Kc1 0-1

[Event "BCF-chT4 1516 (4NCL)"]
[Site "England"]
[Date "2015.11.14"]
[Round "1.99"]
[White "Collins, Jonathan L"]
[Black "Price, Andrew"]
[Result "1/2-1/2"]
[WhiteElo "1897"]
[BlackElo "1892"]
[PlyCount "76"]
[EventDate "2015.11.14"]
[EventType "team-swiss"]
[EventRounds "11"]
[EventCountry "ENG"]
[SourceTitle "EXT 2017"]
[Source "ChessBase"]
[SourceDate "2016.10.25"]
[SourceVersion "1"]
[SourceVersionDate "2016.10.25"]
[SourceQuality "1"]
[WhiteTeam "Iceni"]
[BlackTeam "Throw in the Tal"]
[WhiteTeamCountry "ENG"]
[BlackTeamCountry "ENG"]

1. d4 d5 2. Nf3 Nf6 3. e3 e6 4. Bd3 c5 5. c3 Nc6 6. Nbd2 Qc7 7. Qe2 Be7 8. dxc5 Bxc5 9. e4 dxe4 10. Nxe4 Be7 11. Bd2 0-0 12. Nxf6+ Bxf6 13. Qe4 g6 14. Bf4 e5 15. Bh6 Re8 16. g4 Be6 17. Ng5 Rad8 18. Nxe6 Rxe6 19. h4 Red6 20. 0-0-0 Qe7 21. g5 Bg7 22. Bxg7 Kxg7 23. Rh3 Qe6 24. Rdh1 Qxa2 25. h5 Qd5 26. hxg6 hxg6 27. Rh7+ Kf8 28. Qxd5 Rxd5 29. Bc4 R5d7 30. b4 e4 31. Rh8+ Ke7 32. R8h4 a6 33. Rxe4+ Kf8 34. Rh7 Rd1+ 35. Kb2 R8d2+ 36. Kb3 Rb1+ 37. Ka3 Ra1+ 38. Kb3 Rb1+ 1/2-1/2

[Event "BCF-ch U180"]
[Site "Coventry"]
[Date "2015.07.29"]
[Round "3"]
[White "Clarke, Ian J"]
[Black "Collins, Jonathan L"]
[Result "0-1"]
[WhiteElo "2005"]
[BlackElo "1896"]
[PlyCount "142"]
[EventDate "2015.07.27"]
[EventType "swiss"]
[EventRounds "5"]
[EventCountry "ENG"]
[SourceTitle "EXT 2016"]
[Source "ChessBase"]
[SourceDate "2015.10.08"]
[SourceVersion "1"]
[SourceVersionDate "2015.10.08"]
[SourceQuality "1"]

1. e4 Nc6 2. Nf3 e5 3. Bb5 a6 4. Ba4 Nf6 5. d3 d6 6. c3 Bg4 7. Nbd2 Be7 8. Nf1 b5 9. Bb3 Na5 10. Bc2 c5 11. h3 Bh5 12. Ng3 Bg6 13. 0-0 Nc6 14. a4 0-0 15. axb5 axb5 16. Rxa8 Qxa8 17. Nh4 Rb8 18. Nhf5 Bf8 19. Bg5 Ne8 20. h4 h6 21. Bc1 Ne7 22. Nxe7+ Bxe7 23. h5 Bh7 24. Bb3 Qc6 25. Qf3 c4 26. Bc2 cxd3 27. Bxd3 Nf6 28. Nf5 Bxf5 29. Qxf5 Qd7 30. Qf3 b4 31. c4 b3 32. Bd2 Ra8 33. Bc3 Bd8 34. Rd1 Qe6 35. Be2 Bb6 36. Qd3 Bc5 37. Bd2 Ra6 38. Be3 Bxe3 39. Qxe3 Ra8 40. Qd3 Rd8 41. Bf3 Rc8 42. Rc1 Rb8 43. Rc3 Rb4 44. Rxb3 Qxc4 45. Qxc4 Rxc4 46. Re3 Rb4 47. Re2 Ne8 48. Rd2 Kf8 49. g3 Ke7 50. Kg2 Nf6 51. Re2 Rb3 52. g4 Nd7 53. Rd2 Rb4 54. Re2 Nc5 55. Rc2 Kf6 56. Re2 Ke6 57. Rc2 Nd3 58. Kf1 Rxb2 59. Rxb2 Nxb2 60. Be2 d5 61. exd5+ Kxd5 62. Kg2 Ke4 63. Bb5 Kf4 64. Be2 e4 65. Kh3 f6 66. Kg2 Na4 67. Kh3 Nc3 68. Bc4 Nd1 69. Kg2 e3 70. Be2 Nxf2 71. Kf1 Nxg4 0-1

[Event "BCF-ch Week1 PM op"]
[Site "Coventry"]
[Date "2015.07.29"]
[Round "3"]
[White "Hanscombe, Richard"]
[Black "Collins, Jonathan L"]
[Result "0-1"]
[WhiteElo "1757"]
[BlackElo "1896"]
[PlyCount "106"]
[EventDate "2015.07.27"]
[EventType "swiss"]
[EventRounds "5"]
[EventCountry "ENG"]
[SourceTitle "EXT 2016"]
[Source "ChessBase"]
[SourceDate "2015.10.08"]
[SourceVersion "1"]
[SourceVersionDate "2015.10.08"]
[SourceQuality "1"]

1. b4 e5 2. Bb2 d6 3. e3 Be6 4. c4 Nd7 5. Nf3 a5 6. a3 Nb6 7. Qc2 axb4 8. axb4 Rxa1 9. Bxa1 Qa8 10. Bb2 Qa4 11. Qxa4+ Nxa4 12. Ba3 Nb6 13. d3 Be7 14. Nc3 f5 15. Nb5 Kd7 16. Nc3 Nh6 17. h3 Ra8 18. Nb1 Nf7 19. Nfd2 g5 20. d4 exd4 21. exd4 d5 22. c5 Nc4 23. Nxc4 dxc4 24. Bb2 Ra2 25. Bc3 b5 26. Be2 Bd5 27. Bf3 Bxf3 28. gxf3 c6 29. 0-0 Rc2 30. Rd1 Bf6 31. Ba1 Kc7 32. Nd2 g4 33. fxg4 Ng5 34. Kg2 fxg4 35. hxg4 h6 36. Kf1 c3 37. Nb3 Ne4 38. f3 Ng3+ 39. Kg1 Bg5 40. Re1 Ne2+ 41. Kf1 Ng3+ 42. Kg1 Ra2 43. d5 cxd5 44. Nd4 Bh4 45. Ne6+ Kb7 46. Nf4 d4 47. Bxc3 dxc3 48. Re6 Ra1+ 49. Kg2 c2 50. Nd3 Ra2 51. Kh3 Nf1 52. Kxh4 c1Q 53. Nxc1 Rh2# 0-1

[Event "BCF-ch Week1 PM op"]
[Site "Coventry"]
[Date "2015.07.28"]
[Round "2"]
[White "Collins, Jonathan L"]
[Black "Wu, Haotian"]
[Result "1-0"]
[WhiteElo "1896"]
[BlackElo "1782"]
[PlyCount "71"]
[EventDate "2015.07.27"]
[EventType "swiss"]
[EventRounds "5"]
[EventCountry "ENG"]
[SourceTitle "EXT 2016"]
[Source "ChessBase"]
[SourceDate "2015.10.08"]
[SourceVersion "1"]
[SourceVersionDate "2015.10.08"]
[SourceQuality "1"]

1. e4 e6 2. d4 d5 3. Nc3 Nf6 4. exd5 exd5 5. Bd3 c5 6. dxc5 Bxc5 7. Qe2+ Kd7 8. Nf3 Nc6 9. Bf5+ Kc7 10. Bf4+ Bd6 11. Nb5+ Kb6 12. Nxd6 a6 13. Bxc8 Rxc8 14. Nxc8+ Qxc8 15. Qd3 Ka7 16. 0-0 Ka8 17. c3 Qg4 18. Bg3 h5 19. Ne5 Nxe5 20. Bxe5 Nd7 21. Bd4 h4 22. h3 Qg5 23. Be3 Qh5 24. Qd4 b6 25. Qa4 Nb8 26. Bf4 f5 27. Bxb8 Kxb8 28. Qxa6 Rh6 29. Rfe1 Qf7 30. Re2 Re6 31. Rae1 Rxe2 32. Qxb6+ Ka8 33. Rxe2 d4 34. cxd4 f4 35. Re5 Qh5 36. Rxh5 1-0

[Event "BCF-ch U180"]
[Site "Coventry"]
[Date "2015.07.27"]
[Round "1"]
[White "Raghavendra, Mahima"]
[Black "Collins, Jonathan L"]
[Result "1/2-1/2"]
[WhiteElo "1413"]
[BlackElo "1896"]
[PlyCount "80"]
[EventDate "2015.07.27"]
[EventType "swiss"]
[EventRounds "5"]
[EventCountry "ENG"]
[SourceTitle "EXT 2016"]
[Source "ChessBase"]
[SourceDate "2015.10.08"]
[SourceVersion "1"]
[SourceVersionDate "2015.10.08"]
[SourceQuality "1"]

1. Nf3 d5 2. d4 Bg4 3. Ne5 Bf5 4. g3 Nd7 5. Nf3 Ngf6 6. Bg2 e6 7. Nbd2 c5 8. c3 Be7 9. 0-0 Ne4 10. Nxe4 Bxe4 11. Be3 Qb6 12. Qd2 h6 13. Ne5 Nxe5 14. dxe5 Bxg2 15. Kxg2 Qc7 16. f4 Qc6 17. Kg1 f5 18. Bf2 h5 19. h4 Qc7 20. Qe3 Rh6 21. Qf3 Rh8 22. Qe3 Qc6 23. Rad1 Kf7 24. Kh2 a5 25. a3 a4 26. Rd2 c4 27. Qb6 Qxb6 28. Bxb6 Ra6 29. Bd4 Rc8 30. e3 Ra5 31. Rff2 Rb5 32. Kg2 g6 33. Kf1 Rb3 34. Rd1 Ke8 35. Ra1 Bc5 36. Ra2 Bxd4 37. exd4 Ra8 38. Rc2 Ke7 39. Ke2 Rf8 40. Ke3 Kf7 1/2-1/2

[Event "BCF-ch Week1 PM op"]
[Site "Coventry"]
[Date "2015.07.27"]
[Round "1"]
[White "Snook Lumb, Chris"]
[Black "Collins, Jonathan L"]
[Result "1-0"]
[WhiteElo "1664"]
[BlackElo "1896"]
[PlyCount "88"]
[EventDate "2015.07.27"]
[EventType "swiss"]
[EventRounds "5"]
[EventCountry "ENG"]
[SourceTitle "EXT 2016"]
[Source "ChessBase"]
[SourceDate "2015.10.08"]
[SourceVersion "1"]
[SourceVersionDate "2015.10.08"]
[SourceQuality "1"]

1. c4 e5 2. g3 Nf6 3. Bg2 g6 4. Nc3 Bg7 5. e4 Nc6 6. Nge2 d6 7. 0-0 Be6 8. d3 Qc8 9. Nd5 Nd4 10. Nxd4 exd4 11. Bh6 Bxh6 12. Nxf6+ Kf8 13. f4 Bg7 14. e5 Bxf6 15. exf6 Qd8 16. Bxb7 Rb8 17. Qf3 Qxf6 18. Rf2 Kg7 19. Be4 h5 20. b3 Bg4 21. Qg2 h4 22. f5 g5 23. h3 hxg3 24. Qxg3 Bxh3 25. Rh2 Bxf5 26. Rf1 Qe5 27. Qxe5+ dxe5 28. Rxf5 Rxh2 29. Kxh2 Rh8+ 30. Kg3 f6 31. b4 Rb8 32. a3 Rb6 33. Rf2 Kf7 34. Kg4 Ke7 35. Kf5 Ra6 36. Ra2 c6 37. a4 Rb6 38. b5 cxb5 39. axb5 Kd6 40. Kxf6 g4 41. Rxa7 Kc5+ 42. Kxe5 Rb8 43. Rc7+ Kb4 44. Rg7 Re8+ 1-0